000 00418nam a2200157 4500
001 121962
003 ES-MaACL
005 20230906191859.0
007 t|
008 070214s1918 sp r ||||1| spa d
100 1 _aPosada, Eduardo.
_993320
245 1 0 _aApostillas a la historia colombiana /
_cEduardo Posada.
260 _aMadrid :
_bAmérica,
_c1918.
300 _a260 p. ;
_c19 cm.
852 _aES-MaACL
_jF-4527
999 _c121962
_d121962